| 000 | 00625nam a22001697a 4500 | ||
|---|---|---|---|
| 003 | BD-DhUL | ||
| 005 | 20190508110524.0 | ||
| 008 | 190506s1960 ii ||||| |||| 00| 0 urd d | ||
| 040 |
_aBD-DhUL _cBD-DhUL |
||
| 082 |
_a891.4309 _bNAT |
||
| 100 | 0 | _aناظر کا کوروی | |
| 245 | 1 | 0 |
_aتنقید و تنقیدی شعور : صدسالہ ادب کا تجزیہ ادبی (تنقیدی ادب پارے) / _cناظر کا کوروی |
| 260 |
_aالہ اباد : _bادارۂ انیس اردو، _c۔۱۹۶۰ |
||
| 300 |
_aص۔ ۱۸۱ ؛ _c۱۸ سم۔ |
||
| 650 | 4 | _aUrdu literature - History and criticism | |
| 942 |
_2ddc _cBK |
||
| 999 |
_c248063 _d248063 |
||